00298nam a2200109Ia 4500008004100000041000800041082002500049100001200074245005100086260004300137300000800180230411s9999 xx 000 0 und d aeng aB/612.015/DEB/B02116 aDeb A C aComprehensible Viva and Practical Biochemistry bNew Central Book AgencyaKolkatac2000 a92p